000 00536nam a2200169 i 4500
001 163079
003 ES-MaACL
005 20251003063142.0
008 180705s1923 fr a |||| | fre d
100 1 _aRomains, Jules,
_d1885-1972
_999206
245 1 3 _aLe vin blanc de la Villette /
_cJules Romains.
250 _a12e. ed.
260 _aParis :
_bGallimard,
_c1923.
300 _a218 p. ;
_c19 cm.
852 _aES-MaACL
_jL-32179
_z.- Donat. herederos de la bibl. de Mª del Pilar Costa Palacín
999 _c163079
_d163079